Statistics for Last U.S. States to be Settled by Europeans

Click here to take the quiz!

General Stats

  • This quiz has been taken 12,987 times
  • The average score is 8 of 10

Answer Stats

YearFirst settlersSettlementState% Correct
1846Fur tradersOgdenUtah
94%
1860Mormon pioneersFranklinIdaho
87%
1841Jesuit missionariesSt. Mary's MissionMontana
87%
1832Hudson's Bay CompanyFort NisquallyWashington
85%
1851Mormon pioneersGenoaNevada
84%
1851HispanicsSan LuisColorado
81%
1824MissionariesHiloHawaii
81%
1834Fur tradersFort LaramieWyoming
81%
1830sFur tradersBellevueNebraska
66%
1824U.S. armyFort GibsonOklahoma
64%

Score Distribution

Percentile by Number Answered

Percent of People with Each Score

Your Score History

You have not taken this quiz